The new york times on NAFTA and CAFTA: no alternative /

Uloženo v:
Podrobná bibliografie
Hlavní autor: Rosen, Fred
Médium: Text
Tagy: Přidat tag
Žádné tagy, Buďte první, kdo vytvoří štítek k tomuto záznamu!

MARC

LEADER 00000 a a2200000 04500
001 10079
003
040
100 |a Rosen, Fred  
245 |a The new york times on NAFTA and CAFTA:   |b no alternative /  |c Fred Rosen 
773 |g volumen 41, número 1; páginas 51-52  
999 |c 31241  |d 31241